Statistics for Countries With The Most Mestizos

Click here to take the quiz!

General Stats

  • This quiz has been taken 46 times
  • The average score is 14 of 15

Answer Stats

Total%Country% Correct
56.2 mil17.3%United States
100%
3.3 mil8.0%Argentina
94%
2.8 mil28.0%Bolivia
94%
7.1 mil39.3%Chile
94%
7.3 mil41.0%Ecuador
94%
5.7 mil42.0%Guatemala
94%
7.0 mil86.5%Honduras
94%
90.3 mil70.0%Mexico
94%
9.8 mil32.2%Peru
94%
26.9 mil53.5%Colombia
92%
4.3 mil78.3%Nicaragua
92%
1.0 mil32.0%Panama
92%
5.2 mil74.5%Paraguay
92%
10.7 mil38.1%Venezuela
92%
5.4 mil91.1%El Salvador
83%

Score Distribution

Percentile by Number Answered

Percent of People with Each Score

Your Score History

You have not taken this quiz